Vista normal
Vista MARC
Entrada Término de materia
Número de registros utilizados en: 2
001 - NÚMERO DE CONTROL
- Campo de control: 31998
003 - IDENTIFICADOR DE NÚMERO DE CONTROL
- Campo de control: ES-MaCES
005 - FECHA Y HORA DE LA ULTIMA MODIFICACION
- Campo de control: 20101007141400.0
008 - ELEMENTOS DE DATOS DE LONGITUD FIJA
- Campo de longitud fija: 101007 | azznnbabn |n ana d
035 ## - NÚMERO DE CONTROL DEL SISTEMA
- Número de control del sistema: CES20100000257s
040 ## - FUENTE DE LA CATALOGACIÓN
- Agencia original de catalogación: ES-MaCES
- Idioma de catalogación: spa
- Agencia de transcripción: ES-MaCES
150 ## - ENCABEZAMIENTO--MATERIA
- Término de materia o geográfico como elemento de entrada: 2010-2050
901 ## - CES. DATOS SIRTEX
- ID Sirtex (N5N8): 0007700008273
- 005BIS Sirtex: 201010071414ALORITE

